Une ville, un pays (lettre B) - Statistiques

Statistiques générales
  • Ce quiz a été pris 125 fois
  • Le résultat moyen est 15 sur 24
Statistiques - réponses
Hint Réponse % Correct
Boston Etats-Unis
95%
Bruges Belgique
92%
Brisbane Australie
91%
Belo Horizonte Brésil
89%
Bangalore Inde
88%
Bari Italie
87%
Busan Corée du Sud
84%
Bergen Norvège
80%
Braga Portugal
77%
Bielefeld Allemagne
76%
Bandung Indonésie
72%
Barranquilla Colombie
65%
Brno République tchèque
61%
Badajoz Espagne
55%
Bassorah Irak
55%
Bursa Turquie
47%
Bouaké Côte d'Ivoire
44%
Banja Luka Bosnie-Herzégovine
39%
Bizerte Tunisie
39%
Brasov Roumanie
33%
Bacolod Philippines
31%
Bobo-Dioulasso Burkina Faso
28%
Barquisimeto Vénézuela
28%
Bulawayo Zimbabwe
17%
Aucun quiz correspondant
Distribution des résultats
% des personnes avec chaque résultat
Percentile par nombre de réponses
Votre historique - résultats
Vous n’avez pas pris ce quiz